Logo Biblioteca

La casa de Bernarda Alba : (Registro nro. 660)

Detalles MARC
000 -LEADER
fixed length control field 00752nam a22002297a 4500
003 - CONTROL NUMBER IDENTIFIER
control field OSt
005 - DATE AND TIME OF LATEST TRANSACTION
control field 20251029122200.0
008 - FIXED-LENGTH DATA ELEMENTS--GENERAL INFORMATION
fixed length control field 251029t1995 ag ||||| |||| 00| 1 spa||
020 ## - INTERNATIONAL STANDARD BOOK NUMBER
International Standard Book Number 950-03-0100-8
040 ## - CATALOGING SOURCE
Transcribing agency besoc
080 ## - UNIVERSAL DECIMAL CLASSIFICATION NUMBER
Authority record control number or standard number 82-2(460)
100 10 - MAIN ENTRY--PERSONAL NAME
Personal name García Lorca, Federico,
Dates associated with a name (1898-1936)
Relator term autor
245 13 - TITLE STATEMENT
Title La casa de Bernarda Alba :
Remainder of title Drama de mujeres en los pueblos de España /
Statement of responsibility, etc. Federico García Lorca ; prólogo y notas de Luis Martínez Cuitiño
250 ## - EDITION STATEMENT
Edition statement 27a ed.
260 ## - PUBLICATION, DISTRIBUTION, ETC.
Place of publication, distribution, etc. Buenos Aires :
Name of publisher, distributor, etc. Losada,
Date of publication, distribution, etc. 1995.
300 ## - PHYSICAL DESCRIPTION
Extent 126 p. ;
Dimensions 19 cm.
490 0# - SERIES STATEMENT
Series statement Biblioteca clásica y contempóranea ;
Volume/sequential designation 153
650 #4 - SUBJECT ADDED ENTRY--TOPICAL TERM
Topical term or geographic name entry element LITERATURA ESPAÑOLA
Chronological subdivision SIGLO XIX
655 #4 - INDEX TERM--GENRE/FORM
Genre/form data or focus term TEATRO
700 1# - ADDED ENTRY--PERSONAL NAME
Personal name Martínez Cuitiño, Luis
942 ## - ADDED ENTRY ELEMENTS (KOHA)
Source of classification or shelving scheme Universal Decimal Classification
Koha item type Libro de préstamo a domicilio
Suppress in OPAC No
Existencias
Withdrawn status Lost status Source of classification or shelving scheme Damaged status Not for loan Collection Home library Current library Date acquired Total checkouts Total renewals Full call number Barcode Date last seen Date last checked out Price effective from Koha item type
    Universal Decimal Classification     Colección General Biblioteca Escuela de Ciencias Sociales Biblioteca Escuela de Ciencias Sociales 29/10/2025 1 1 82-2(460) G216 000292 30/06/2026 14/05/2026 29/10/2025 Libro de préstamo a domicilio
Biblioteca de la Escuela Preuniversitaria en Ciencias Sociales y Humanísticas.
Riobamba 250 bis.
CP 2000 - Rosario - Santa Fe
E-Mail: biblioteca@esociales.unr.edu.ar